00406nam a2200157Ia 450000100040000000500170000400800410002104100080006208200150007010000330008524500770011826000090019530000280020465000080023265400080024090020260306140552.0260306t2017||||xx |||||||||||||| ||spa|| aESP a172.2bM43 aMerino Amand, FranciscoeAUT 0aÉtica en la función pública:bde la indiferencia al reconocimiento c2017 a293 páginas :c24 cm. aGEN aCHU